Statistics for Countries by Vintage Tourism Posters

Click here to take the quiz!

General Stats

  • This quiz has been taken 35 times
  • The average score is 17 of 22

Answer Stats

Answer% Correct
United Kingdom
100%
Japan
94%
Russia
94%
Egypt
91%
France
91%
Tunisia
91%
Indonesia
88%
Pakistan / India
88%
United States
88%
Cambodia
84%
Israel
84%
Switzerland
84%
Ukraine
84%
Belgium
81%
Spain
81%
Germany
72%
Austria
69%
Italy
69%
Peru
69%
Norway
66%
Sweden
47%
New Zealand
31%

Score Distribution

Percentile by Number Answered

Percent of People with Each Score

Your Score History

You have not taken this quiz